| 000 | 01801nam0a2200337 i 4500 | ||
|---|---|---|---|
| 001 | RU\NLR\BIBL_A\011212131 | ||
| 005 | 20260407195813.0 | ||
| 010 |
_a9785444608241 _91000 |
||
| 021 |
_aRU _b2016-66673 _94273 |
||
| 035 | _a(NLR Aleph) 011212131 | ||
| 090 |
_a11978682 _c11978682 |
||
| 100 | _a20160914d2016 k y0rusy50 ca | ||
| 101 | 0 | _arus | |
| 102 | _aRU | ||
| 105 | _ay z 000zy | ||
| 200 | 1 |
_aГражданское общество: состояние и перспективы развития в Воронежской области _f[Л.Н. Алисова, Л.А. Гончаров, Р.И. Мельникова и др. _gредкол.: ... Л.Н. Алисова (отв. ред.), Р.И. Мельникова] _gМОАУ ВО "Воронеж. ин-т экономики и соц. упр." |
|
| 210 |
_aВоронеж _cНаучная книга _d2016 |
||
| 215 |
_a369, [1] с. _d21 |
||
| 300 | _aАвт. указаны на обороте тит. л. | ||
| 320 | _aБиблиогр.: с. 197-204 (57 назв.) | ||
| 606 | 1 |
_aГражданское общество _yВоронежская область _92307096 _3RU\NLR\AUTH\6601606962 |
|
| 686 | 1 | _aФ3(2Р-4Вр)11 | |
| 701 | 1 |
_8rus _7ca _aАлисова _bЛ.Н. _f1943- _gЛюбовь Николаевна _3RU\NLR\AUTH\7723755 _96808 |
|
| 701 | 1 |
_aГончаров _bЛ. А. _gЛеонид Александрович |
|
| 701 | 1 |
_8rus _7ca _aМельникова _bР. И. _cд-р социол. наук _gРаиса Ильинична _3RU\NLR\AUTH\7798720 _981646 |
|
| 712 | 0 | 2 |
_4570 _aВоронежский институт экономики и социального управления _3RU\NLR\AUTH\8810130368 _9757483 |
| 942 | _cBOOK | ||
| 980 | _aNBR | ||